[Event "Buenos Aires FMD tt"]
[Site "Buenos Aires"]
[Date "1993.??.??"]
[Round "6"]
[White "Szmetan, Jorge"]
[Black "German, Pablo"]
[Result "1-0"]
[WhiteElo "2415"]
[BlackElo "2270"]

1.Nf3 Nf6 2.c4 g6 3.g3 Bg7 4.Bg2 O-O 5.O-O d6 6.d4 Nbd7 7.Nc3 e5 8.e4 c6
9.Rb1 exd4 10.Nxd4 Re8 11.h3 Nc5 12.Re1 a5 13.Qc2 Qc7 14.Be3 Bd7 15.b3 Re7
16.Rbd1 Rd8 17.a3 Bc8 18.Qb1 h6 19.b4 axb4 20.axb4 Ne6 21.Qc1 Nxd4 22.Bxd4 Be6
23.Ne2 c5 24.bxc5 dxc5 25.Be3 Red7 26.Rxd7 Nxd7 27.Nf4 Ne5 28.Nxe6 fxe6 29.Qc2 b6
30.f4 Nd3 31.Rf1 Nb4 32.Qe2 Rd3 33.e5 Ra3 34.Be4 Qf7 35.Rd1 Bf8 36.Bf2 h5
37.Rd8 Ra1+ 38.Kg2 Kg7 39.h4 Qc7 40.Qd2 Ra7 41.Re8 Kf7 42.Bxg6+ Kxg6 43.Rxf8 Qc6+  1-0

[Event "Buenos Aires FMD tt"]
[Site "Buenos Aires"]
[Date "1993.??.??"]
[Round "7"]
[White "Szmetan, Jorge"]
[Black "Valerga, Diego"]
[Result "1/2-1/2"]
[WhiteElo "2415"]
[BlackElo "2365"]

1.Nf3 Nf6 2.c4 g6 3.g3 Bg7 4.Bg2 O-O 5.O-O d6 6.d4 c6 7.Nc3 Bf5 8.b3 Ne4
9.Bb2 Nxc3 10.Bxc3 Be4 11.Qd2 Nd7 12.Rac1 Nf6 13.Qf4 d5 14.cxd5 Qxd5 15.Qc7 Qd7
16.Qxd7 Nxd7 17.Nd2 Bxg2 18.Kxg2 e5 19.dxe5 Bxe5 20.Nc4 Bxc3 21.Rxc3 Rfe8
22.e3 Nf6 23.Rd3 Rad8 24.Rfd1 Rxd3 25.Rxd3 Nd5 26.g4 b6 27.Kg3 Kg7 28.a3 Re7
29.h4 f5 30.gxf5 gxf5 31.b4 a6 32.f4 Re4 33.Ne5 Rxe3+ 34.Rxe3 Nxe3 35.Nxc6 b5  1/2-1/2

[Event "Buenos Aires FMD op"]
[Site "Buenos Aires"]
[Date "1993.??.??"]
[Round "8"]
[White "Giardelli, Sergio C"]
[Black "Slipak, Sergio"]
[Result "1/2-1/2"]
[WhiteElo "2425"]
[BlackElo "2405"]

1.Nf3 Nf6 2.g3 g6 3.c4 Bg7 4.Bg2 O-O 5.O-O d6 6.d4 Nbd7 7.Nc3 e5 8.dxe5 dxe5
9.h3 Qe7 10.Be3 Rd8 11.Qc1  1/2-1/2

[Event "Buenos Aires Najdorf op"]
[Site "Buenos Aires"]
[Date "1993.??.??"]
[Round "10"]
[White "Szmetan, Jorge"]
[Black "Garcia, Raimundo"]
[Result "1-0"]
[WhiteElo "2420"]
[BlackElo "2375"]

1.Nf3 Nf6 2.c4 g6 3.g3 Bg7 4.Bg2 O-O 5.O-O d6 6.d4 Nbd7 7.Nc3 e5 8.e4 c6
9.Rb1 exd4 10.Nxd4 Re8 11.h3 Nc5 12.Re1 a5 13.Qc2 Ng4 14.Rd1 Ne5 15.b3 Qe7
16.Be3 Ned7 17.Re1 Nf6 18.Rbd1 Bd7 19.Bc1 Rad8 20.a3 Bc8 21.Qb1 Qf8 22.b4 axb4
23.axb4 Ncd7 24.Qb3 h6 25.Be3 Nh7 26.f4 h5 27.Bf2 Kh8 28.Nf3 Qe7 29.Rd2 Kg8
30.Red1 Bf8 31.Nh4 Ndf6 32.Bb6 Rd7 33.c5 dxc5 34.Nxg6 Qe6 35.Qxe6 Rxe6 36.Nxf8 Nxf8
37.Bxc5 Rxd2 38.Rxd2 N8d7 39.Bf2 Ne8 40.e5 f6 41.Bf1 b5 42.Ra2 fxe5 43.Ra8 Bb7
44.Ra7 Bc8 45.f5 Re7 46.Ne4 Kf7 47.Be2  1-0

[Event "Caceres op"]
[Site "Caceres"]
[Date "1993.??.??"]
[Round "6"]
[White "Moreno Ruiz, Javier"]
[Black "Teran Alvarez, Ismael"]
[Result "1/2-1/2"]
[WhiteElo "2325"]
[BlackElo "2245"]

1.Nf3 Nf6 2.c4 g6 3.g3 Bg7 4.Bg2 O-O 5.O-O d6 6.d4 Nc6 7.d5 Na5 8.Nfd2 c5
9.Nc3 a6 10.Qc2 Rb8 11.b3 b5 12.Bb2 e5 13.e4 bxc4 14.Nxc4 Nh5 15.Nxa5 Qxa5
16.Ne2 Bd7 17.f4 c4 18.Qxc4 Rfc8 19.Qd3 Qc5+ 20.Rf2 Bb5 21.Qd1 Bxe2 22.Qxe2 exf4
23.Bxg7 Kxg7 24.g4 Nf6 25.g5 Nd7 26.Bh3 Qc3 27.Qb2 Qxb2 28.Rxb2 Rb7 29.Rf1 f6
30.gxf6+  1/2-1/2

[Event "Cannes op"]
[Site "Cannes"]
[Date "1993.??.??"]
[Round "4"]
[White "Anic, Darko"]
[Black "Agababian, Naira"]
[Result "1-0"]
[WhiteElo "2415"]
[BlackElo "2155"]

1.Nf3 Nf6 2.c4 g6 3.g3 Bg7 4.Bg2 O-O 5.d4 d6 6.O-O c6 7.Nc3 Nbd7 8.h3 e5
9.e4 exd4 10.Nxd4 Re8 11.Be3 Qc7 12.Qc2 a6 13.Rfd1 Rb8 14.Rac1 Ne5 15.Qe2 Qe7
16.b3 c5 17.Nc2 Be6 18.f4 Nc6 19.Qd2 Rbd8 20.Re1 Qc7 21.Nd5 Bxd5 22.cxd5 Nb8
23.Bf2 b6 24.Na3 Nfd7 25.b4 f6 26.b5 a5 27.Nc4 Re7 28.Re2 Rde8 29.Rce1 Kh8
30.Qd3 Rf7 31.a4 g5 32.Bf3 gxf4 33.gxf4 Nf8 34.Bh5 Ng6 35.Bg3 Nd7 36.Rg2 f5
37.e5 dxe5 38.d6 Qd8 39.Bxg6 hxg6 40.Qd5 Rff8 41.fxe5 f4 42.Bf2 Rf5 43.Rxg6 Nxe5
44.d7 Re7 45.Nxe5 Rexe5 46.Rxe5 Rxe5 47.Rh6+ Bxh6 48.Qxe5+ Kh7 49.Qf5+ Kg7
50.Qg4+  1-0

[Event "Capablanca mem-A"]
[Site "?"]
[Date "1993.??.??"]
[Round "11"]
[White "Vilela, Jose Luis"]
[Black "Hebden, Mark"]
[Result "0-1"]
[WhiteElo "2430"]
[BlackElo "2520"]

1.Nf3 Nf6 2.c4 g6 3.g3 Bg7 4.Bg2 O-O 5.O-O Nc6 6.Nc3 d6 7.d3 e5 8.Rb1 a5
9.b3 h6 10.Bb2 Re8 11.e3 Be6 12.Nb5 Nb4 13.a3 Na6 14.Qc2 c6 15.Nc3 Rc8 16.Rfd1 b5
17.Rbc1 bxc4 18.bxc4 Nc5 19.Nd2 d5 20.Na4 Nfd7 21.Nxc5 Nxc5 22.Nb3 Nxb3 23.Qxb3 Rb8
24.Qc2 a4 25.Bc3 Rb3 26.Bb4 Bg4 27.Rd2 Bf8 28.Bxf8 Rxf8 29.cxd5 cxd5 30.Qc6 Qa5
31.Bxd5 Rb6 32.Rc5 Qxd2 33.Qxb6 Qxd3 34.h3 Bxh3 35.Kh2 Bf5 36.Qb2 Re8 37.Qb7 Be6
38.Bxe6 Rxe6 39.Qa8+ Kg7 40.Qxa4 Rf6 41.Qc2 Qf1 42.f4 Rd6 43.fxe5 Rd1 44.Qg2 Qd3
45.Rc2 Qf5 46.Qe2 Ra1 47.e4 Qxe5 48.Qf3 Qf6 49.Rf2 Qxf3 50.Rxf3 Re1 51.Rf4 g5
52.Rf5 Rxe4 53.Ra5 Kg6 54.Kg2 Rc4 55.Ra6+ f6 56.a4 Kf5 57.Kf2 Rc2+ 58.Ke3 Rc3+
59.Kf2 h5 60.Rb6 Ra3 61.Rb4 Kg6 62.Rc4 Ra2+ 63.Kf1 Kf5 64.Rb4 Ke5 65.Kg1 Rd2
66.Rb3 Ra2 67.Rb4 Kf5 68.Rc4 Kg6 69.Rb4 g4 70.Rc4 f5 71.Rb4 Kg5 72.Rb8 h4
73.Rg8+ Kf6 74.gxh4 Ke5 75.h5 Kf4 76.Rf8 Rxa4 77.h6 Ra7 78.Rf6 Rh7 79.Kg2 Kg5
80.Ra6 Rxh6 81.Ra5 Rb6 82.Kg3 Rb3+ 83.Kg2 Rd3 84.Rb5 Kf4 85.Rb4+ Ke5 86.Rb8 Re3
87.Rb4 Re4  0-1

[Event "Capablanca mem-A"]
[Site "?"]
[Date "1993.??.??"]
[Round "13"]
[White "Vilela, Jose Luis"]
[Black "Aldama, Degurnay"]
[Result "1/2-1/2"]
[WhiteElo "2430"]
[BlackElo "2470"]

1.Nf3 Nf6 2.c4 g6 3.g3 Bg7 4.Bg2 O-O 5.O-O d6 6.d4 Nbd7 7.Nc3 e5 8.h3 c6
9.e4 Qe7 10.Re1 a6 11.a3 b5 12.dxe5 Nxe5 13.Nxe5 dxe5 14.Be3 Be6 15.cxb5 axb5
16.Qc2 Rfd8 17.Red1 Bc4 18.Rxd8+ Rxd8 19.Rd1 Rd7 20.Bf1 Qe6 21.Bxc4 Qxc4
22.Rxd7 Nxd7 23.Kg2 Bf8 24.b3 Qe6 25.a4 bxa4 26.Nxa4 f5 27.Qc4 Kf7 28.f3 Qxc4
29.bxc4 h5 30.g4 hxg4 31.hxg4 Ke6 32.gxf5+ gxf5 33.exf5+ Kxf5 34.Kf2 e4 35.fxe4+ Kxe4
36.Ke2 Bb4 37.Nb6  1/2-1/2

[Event "Capablanca mem-B"]
[Site "?"]
[Date "1993.??.??"]
[Round "10"]
[White "Gonzalez, Bernal M"]
[Black "Toth, Christian Endre"]
[Result "1-0"]
[WhiteElo "2430"]
[BlackElo "2420"]

1.Nf3 Nf6 2.c4 g6 3.g3 Bg7 4.Bg2 O-O 5.O-O d6 6.Nc3 e5 7.d3 Nc6 8.Rb1 a5
9.Bg5 h6 10.Bxf6 Bxf6 11.a3 Be6 12.b4 axb4 13.axb4 Ne7 14.Nd2 c6 15.b5 d5
16.Qc2 Qd6 17.Nce4 dxe4 18.Nxe4 Qc7 19.Nxf6+ Kg7 20.Ne4 Nf5 21.e3 Rfd8 22.Qc3 f6
23.bxc6 bxc6 24.Nc5 Bf7 25.Rb7 Qd6 26.Ne4 Qxd3 27.Qb4 Qa3 28.Qb6 Nd6 29.Nxd6 Rxd6
30.Bxc6 Rc8 31.Rxf7+  1-0

[Event "Cappelle op"]
[Site "Cappelle la Grande"]
[Date "1993.??.??"]
[Round "4"]
[White "Brestian, Egon"]
[Black "Dochev, Dimitar"]
[Result "1-0"]
[WhiteElo "2450"]
[BlackElo "2295"]

1.c4 Nf6 2.Nf3 g6 3.g3 Bg7 4.Bg2 O-O 5.O-O d6 6.d4 Nbd7 7.d5 Nb6 8.Nbd2 e6
9.e4 c6 10.dxc6 bxc6 11.e5 dxe5 12.Nxe5 Qc7 13.Qe2 Bb7 14.Nb3 Nfd7 15.Nxd7 Nxd7
16.Be3 c5 17.Bxb7 Qxb7 18.Rad1 Rac8 19.f3 Rfd8 20.Kg2 Qa6 21.Bg5 f6 22.Be3 Ne5
23.Nxc5 Qxc4 24.Rxd8+ Rxd8 25.Qxc4 Nxc4 26.Bc1 Kf7 27.b3 Ne5 28.Be3 Bf8 29.Rc1 Rc8
30.Nd7 Nc6 31.Nxf8 Kxf8 32.Kf2 Ke8 33.Rc4 Ne7 34.Bxa7 Ra8 35.Ra4 Rc8 36.Rc4 Ra8
37.Rc7 Nc8 38.Bc5 Rxa2+ 39.Ke3 Kd8 40.Rxh7 Ra6 41.Rh6 Nb6 42.Rxg6 Nd5+ 43.Kd3 Kd7
44.h4 Ra1 45.h5 Rh1 46.h6 e5 47.b4 Ke6 48.Kc4 Rh2 49.g4 Rh1 50.Rg7 Rxh6 51.Ra7  1-0

[Event "Ceske Budejovice op"]
[Site "Ceske Budejovice"]
[Date "1993.??.??"]
[Round "6"]
[White "Jirovsky, Milos"]
[Black "Karlik, Vladimir"]
[Result "1/2-1/2"]
[WhiteElo "2420"]
[BlackElo "2290"]

1.Nf3 Nf6 2.c4 g6 3.g3 Bg7 4.Bg2 O-O 5.O-O d6 6.d4 Nbd7 7.Qc2 e5 8.Rd1 Qe7
9.Nc3 c6 10.e4 Nb6 11.b3 Bg4 12.Be3 Nfd7 13.d5 f5 14.Bg5 Bf6 15.Bxf6 Rxf6
16.exf5  1/2-1/2

[Event "Ceske Budejovice op"]
[Site "Ceske Budejovice"]
[Date "1993.??.??"]
[Round "8"]
[White "Jirovsky, Milos"]
[Black "Vasiliev, Vladislav"]
[Result "1-0"]
[WhiteElo "2420"]
[BlackElo "2265"]

1.Nf3 Nf6 2.c4 g6 3.g3 Bg7 4.Bg2 O-O 5.O-O d6 6.d4 Nbd7 7.Qc2 e5 8.Rd1 Re8
9.Nc3 exd4 10.Nxd4 c6 11.b3 Nc5 12.e4 Ng4 13.h3 Ne5 14.Be3 Qe7 15.Rd2 Ne6
16.Nde2 c5 17.Rad1 Nc6 18.Nb5 Rd8 19.Nxd6 Ned4 20.Bxd4 cxd4 21.c5 Be6 22.Qc1 Be5
23.Kh2 Bxd6 24.cxd6 Qxd6 25.Qb2 d3 26.Nf4 Nb4 27.a3 Na6 28.Rxd3 Qb6 29.Nxe6 fxe6
30.Rd7  1-0

[Event "JUG-chT"]
[Site "Cetinje"]
[Date "1993.??.??"]
[Round "?"]
[White "Notaros, Krasoje"]
[Black "Paunovic, Dragan"]
[Result "1/2-1/2"]
[WhiteElo "2360"]
[BlackElo "2450"]

1.Nf3 Nf6 2.c4 g6 3.g3 Bg7 4.Bg2 O-O 5.O-O d5 6.d4 dxc4 7.Na3 c3 8.bxc3 c5
9.Ne5 Nc6 10.Nxc6 bxc6 11.Qa4 Nd5 12.Qxc6 Be6 13.Qxc5 Nxc3 14.e3 Ne2+ 15.Kh1 Nxd4
16.Rb1 Rc8 17.Qxa7 Nc6 18.Qa4 Bxa2 19.Rb7 Ne5 20.e4 Qd3 21.Rd1 Ra8 22.Qc2 Qxc2
23.Nxc2 Rfd8 24.Rxd8+ Rxd8 25.Ne3 Nd3 26.Ba3 e6 27.Kg1 Bd4 28.Bf1 Nc5 29.Bxc5 Bxc5
30.Rb2 Ra8 31.Bc4 Bxc4 32.Nxc4 Rc8 33.Rc2 Bd4 34.Kf1 h5 35.Ke2 Kg7 36.h4 Ra8
37.Ne3 Bxe3 38.Kxe3 Ra3+ 39.Ke2 Kf6 40.Rb2 Ra7 41.Rb5 Ra2+ 42.Ke3 Ra3+ 43.Ke2  1/2-1/2

[Event "Cipolletti"]
[Site "Cipolletti"]
[Date "1993.??.??"]
[Round "8"]
[White "Panno, Oscar"]
[Black "Pacheco, Daniel"]
[Result "1-0"]
[WhiteElo "2495"]
[BlackElo "2270"]

1.Nf3 Nf6 2.c4 g6 3.g3 Bg7 4.Bg2 O-O 5.d4 c5 6.O-O Na6 7.Nc3 d6 8.b3 Bg4
9.Bb2 Qc8 10.Re1 Rb8 11.Qd2 Re8 12.Rad1 Qf5 13.Nb5 Ne4 14.Qe3 Nf6 15.a3 Qh5
16.Qc1 Bh6 17.Qa1 Bh3 18.dxc5 Ng4 19.cxd6 exd6 20.e4 Ne5 21.Nxe5 dxe5 22.Bxh3 Qxh3
23.Bxe5 Rbd8 24.Rxd8 Rxd8 25.Rd1 Rd7 26.b4 Qe6 27.Rxd7 Qxd7 28.Qd4  1-0

[Event "Clichy"]
[Site "Clichy"]
[Date "1993.??.??"]
[Round "7"]
[White "Conquest, Stuart"]
[Black "Hauchard, Arnaud"]
[Result "1/2-1/2"]
[WhiteElo "2495"]
[BlackElo "2450"]

1.Nf3 Nf6 2.g3 g6 3.Bg2 Bg7 4.c4 O-O 5.O-O c6 6.d4 d5 7.cxd5 cxd5 8.Nc3 Nc6
9.Ne5 Nxe5 10.dxe5 Ng4 11.Qxd5 Nxe5 12.Bg5 Nc6 13.Rfd1 Qb6 14.Qb3 Qxb3 15.axb3 h6
16.Be3 Be6 17.b4 a6 18.Bc5 Bf6 19.f4 Rfd8 20.Kf2 Rxd1 21.Rxd1 Rd8 22.Rxd8+ Nxd8
23.e4 Kf8 24.Ke3 g5 25.e5 gxf4+ 26.gxf4 Bh4 27.Ne2 Nc6 28.Bxc6 bxc6 29.Nd4 Bg4
30.Nxc6 Ke8 31.Nd4 e6 32.b5 axb5 33.Nxb5 Kd7 34.b4 f6 35.Bd4 fxe5 36.Bxe5 Be7
37.Bc3 Kc6 38.Nd4+ Kd5 39.Nf3 Bf5 40.Ne5 h5 41.b5 Bf6  1/2-1/2

[Event "Copenhagen OBRO"]
[Site "Copenhagen"]
[Date "1993.??.??"]
[Round "4"]
[White "Jirovsky, Milos"]
[Black "Hansen, Sune Berg"]
[Result "1/2-1/2"]
[WhiteElo "2420"]
[BlackElo "2405"]

1.Nf3 Nf6 2.c4 g6 3.g3 Bg7 4.Bg2 O-O 5.O-O d6 6.d4 Nbd7 7.Qc2 e5 8.Rd1 Re8
9.Nc3 Qe7 10.e4 c6 11.d5 c5 12.Rb1 Rf8 13.Re1 Ng4 14.h3 Nh6 15.Ng5 Nb6 16.b3 f6
17.Nf3 Bd7 18.a4 a5 19.Re2  1/2-1/2

[Event "CZE-ch"]
[Site "?"]
[Date "1993.??.??"]
[Round "8"]
[White "Hracek, Zbynek"]
[Black "Babula, Vlastimil"]
[Result "1/2-1/2"]
[WhiteElo "2510"]
[BlackElo "2395"]

1.Nf3 Nf6 2.c4 g6 3.g3 Bg7 4.Bg2 O-O 5.O-O d6 6.Nc3 Nc6 7.d3 e5 8.Rb1 a5
9.Bg5 h6 10.Bxf6 Bxf6 11.a3 Ne7 12.Nd5 Bg7 13.Nd2 c6 14.Nxe7+ Qxe7 15.Ne4 f5
16.Nc3 h5  1/2-1/2

[Event "CZE-chT"]
[Site "?"]
[Date "1993.??.??"]
[Round "?"]
[White "Jirovsky, Milos"]
[Black "Konopka, Michal"]
[Result "1/2-1/2"]
[WhiteElo "2420"]
[BlackElo "2425"]

1.Nf3 Nf6 2.c4 g6 3.g3 Bg7 4.Bg2 O-O 5.O-O d5 6.cxd5 Nxd5 7.Nc3 Nc6 8.d4 Nb6
9.d5 Na5 10.Qc2 c6 11.dxc6 Nxc6 12.Rd1  1/2-1/2

[Event "CZE-chT"]
[Site "?"]
[Date "1993.??.??"]
[Round "?"]
[White "Smejkal, Jan"]
[Black "Babula, Vlastimil"]
[Result "1/2-1/2"]
[WhiteElo "2515"]
[BlackElo "2395"]

1.Nf3 Nf6 2.c4 g6 3.g3 Bg7 4.Bg2 O-O 5.d4 d6 6.O-O Nc6 7.Nc3 a6 8.h3 Bd7
9.e4 e5 10.Be3 exd4 11.Nxd4 Re8 12.Nxc6 Bxc6 13.Qc2 b5 14.Rfd1 Qc8 15.Rac1 bxc4
16.Nd5 Nxd5 17.exd5 Bd7 18.Kh2 Bf5 19.Qxc4 Bxb2 20.Bd4 Rb8 21.Rc3 a5 22.Rb3 Rxb3
23.axb3 Bxd4 24.Rxd4 Qb7 25.Rf4 Qb6 26.Qc3 Re5 27.Qf3 Re7  1/2-1/2

[Event "CZE-chT"]
[Site "?"]
[Date "1993.??.??"]
[Round "?"]
[White "Kourek, Josef"]
[Black "Kretek, Bratislav"]
[Result "1/2-1/2"]
[WhiteElo "2295"]
[BlackElo "2275"]

1.Nf3 Nf6 2.c4 g6 3.g3 Bg7 4.Bg2 O-O 5.O-O d6 6.Nc3 c5 7.d4 Nc6 8.dxc5 dxc5
9.Be3 Be6 10.Qa4 Qa5 11.Qb5 Nd7 12.Rad1 Nb6 13.Bxc5 Nxc4 14.b4 Qa3 15.Nd5 Nb2
16.Rd2 Bxd5 17.Rxd5 Qxa2 18.Rd7 Rfc8 19.Ng5  1/2-1/2

[Event "Arab-ch8 Doha"]
[Site "Doha"]
[Date "1993.??.??"]
[Round "9"]
[White "Abdulla, A."]
[Black "Al Modiahki, Mohamad"]
[Result "0-1"]
[WhiteElo "2300"]
[BlackElo "2380"]

1.Nf3 Nf6 2.c4 g6 3.g3 Bg7 4.Bg2 O-O 5.O-O c6 6.Nc3 d5 7.cxd5 cxd5 8.d4 Ne4
9.Qb3 Nc6 10.e3 Na5 11.Qd1 Nxc3 12.bxc3 b6 13.Nd2 Ba6 14.Re1 Rc8 15.Bb2 Qd7
16.Rb1 Rc7 17.Ba1 Rfc8 18.Bf1 Bxf1 19.Kxf1 Nc4 20.Nxc4 Rxc4 21.Qe2 e6 22.Rec1 Bf8
23.Rd1 b5 24.Kg2 Qc6 25.Qf1 Be7 26.Rb3 a6 27.Rdb1 Rb8 28.Rd1 a5 29.Rbb1 Rc8
30.Qe2 b4 31.cxb4 Bxb4 32.Qd3 Rc2 33.a3 Bd6 34.Bb2 Rb8 35.Rd2 Rxd2 36.Qxd2 Bxa3
37.Bxa3 Rxb1 38.Qxa5 Rb8 39.Be7 Qc2 40.Qa7 Rc8 41.Bc5 Qe4+ 42.Kg1 Qb1+ 43.Kg2 Kg7
44.Qe7 Qe4+ 45.Kh3 Qf5+ 46.Kg2 Ra8 47.Bd6 g5 48.h4 h6 49.h5 Ra2 50.Be5+ Kh7
51.Qf6 Rxf2+  0-1

[Event "Elgoibar"]
[Site "Elgoibar"]
[Date "1993.??.??"]
[Round "6"]
[White "Saenz, Juan Jose"]
[Black "Etchegaray, Patrice"]
[Result "1-0"]
[WhiteElo "2305"]
[BlackElo "2410"]

1.Nf3 Nf6 2.c4 g6 3.g3 Bg7 4.Bg2 O-O 5.O-O d6 6.Nc3 e5 7.d3 c6 8.Bg5 h6 9.Bd2 Re8
10.Qc1 Kh7 11.Qc2 d5 12.cxd5 cxd5 13.d4 exd4 14.Nxd4 Nc6 15.Nxc6 bxc6 16.Rfd1 Bf5
17.Qc1 Qd7 18.Be3 Bh3 19.Bd4 Rab8 20.b3 Rb4 21.e3 Qf5 22.Qd2 a5 23.Rac1 h5
24.Qd3 Rxd4 25.exd4 Re1+ 26.Rxe1 Qxd3 27.Bxh3 Qxd4 28.Red1 Qe5 29.Re1 Qd6
30.Bg2 Bh6 31.Rcd1 Qc5 32.Rd3 Ng4 33.Rf3 Kg7 34.Na4 Qc2 35.h3 Nf6 36.Re7 Bg5
37.Rc7 d4 38.Bf1 Qe4 39.Kg2 Qe5 40.Rxc6 Ne4 41.Bc4 f5 42.Re6 Qb8 43.Nb6 Bd8
44.Nd7 Qb7 45.Ne5 Bf6 46.Re8 Nd2 47.Rg8+ Kh7 48.Rf8 Qe4 49.Rxf6 Qxe5 50.Rf7+ Kh6
51.Rf4 Nxc4 52.bxc4 Qe6 53.Ra7 Qb6 54.Rd7 Qc6+ 55.Rd5 Qxc4 56.Rfxd4 Qxa2
57.h4 Qa3 58.Rd7 Qc3 59.R4d6 Qc4 60.Re7 f4 61.Rdd7 f3+ 62.Kh2 Qg8 63.Ra7 Qh8
64.Rf7 Qg8 65.Rxf3 a4 66.Rff7 a3 67.Rfd7 a2 68.Kg2 Qh8 69.Rxa2 Qg8 70.Raa7 Qh8
71.Rf7 Qg8 72.Rab7 Qh8 73.f3 Qg8 74.g4 hxg4 75.fxg4 Qh8 76.g5+  1-0

[Event "ESP-chT"]
[Site "?"]
[Date "1993.??.??"]
[Round "?"]
[White "Cacho Reigadas, Sergio"]
[Black "Medina, J."]
[Result "1-0"]
[WhiteElo "2360"]
[BlackElo "2270"]

1.Nf3 Nf6 2.c4 g6 3.g3 Bg7 4.Bg2 O-O 5.O-O d6 6.d4 Nbd7 7.Nc3 e5 8.e4 c6
9.h3 Qa5 10.Re1 exd4 11.Nxd4 Ne5 12.Bf4 Re8 13.Rb1 Be6 14.g4 Qb6 15.Be3 Qc7
16.f4 Nxc4 17.Nxe6 Nxe3 18.Nxc7 Nxd1 19.Nxd1  1-0

[Event "ESP-chT"]
[Site "?"]
[Date "1993.??.??"]
[Round "?"]
[White "Miguel, Victor"]
[Black "Cisneros, Lucas"]
[Result "0-1"]
[WhiteElo "2300"]
[BlackElo "2335"]

1.Nf3 Nf6 2.g3 g6 3.Bg2 Bg7 4.c4 O-O 5.O-O d6 6.Nc3 e5 7.d4 Nbd7 8.e4 c6
9.h3 exd4 10.Nxd4 Re8 11.Be3 Nc5 12.Qc2 a5 13.Rad1 Nfd7 14.b3 Qb6 15.Rd2 a4
16.Rb1 Qb4 17.a3 axb3 18.axb4 bxc2 19.Rxc2 Ne6 20.Nce2 Ndf8 21.Nb3 h6 22.h4 Nd7
23.b5 c5 24.Rd1 Ra3 25.Nbc1 Bf8 26.Nc3 Nc7 27.Bf4 Ne5 28.b6 Ne6 29.Nd5 Kg7
30.Be3 Ra4 31.Bf1 Nf3+ 32.Kg2 Ned4 33.Rb2 Bg4 34.Ne2 Nc6 35.Bxh6+ Kxh6 36.Nf6 Nxh4+
37.gxh4 Bxe2 38.Bxe2 Re6 39.Ng4+ Kh7 40.Rbd2 Nd4 41.Bd3 Rb4 42.Rb1 Rxb1 43.Bxb1 Be7
44.Kg3 Bxh4+ 45.Kf4 Bg5+ 46.Kxg5 Nf3+ 47.Kf4 Nxd2 48.Bd3 Kg7 49.Ne3 Re8 50.Nd5 g5+
51.Ke3 Nxe4 52.Nc7 Re5 53.Bxe4 f5 54.f3 fxe4 55.fxe4 Kg6 56.Nb5 Re6 57.Nc7 Re7
58.Kf3 Kf6 59.Nd5+ Ke6 60.Kg4 Rg7 61.Ne3 Ke5 62.Nf5 Rd7 63.Kxg5 Kxe4 64.Kf6 d5
65.Ke6 dxc4 66.Kxd7 Kxf5  0-1

[Event "Espoo op"]
[Site "Espoo"]
[Date "1993.??.??"]
[Round "4"]
[White "Hakulinen, Esko Matti"]
[Black "Alava, Mikko"]
[Result "1/2-1/2"]
[WhiteElo "2355"]
[BlackElo "2295"]

1.Nf3 Nf6 2.c4 g6 3.g3 Bg7 4.Bg2 O-O 5.d4 d6 6.Nc3 Nbd7 7.O-O e5 8.e4 c6
9.h3 Qb6 10.d5 cxd5 11.cxd5 Nc5 12.Nd2 Bd7 13.Nb3 Na4 14.Nxa4 Bxa4 15.Be3 Qb4
16.Qd2 Qxd2 17.Bxd2 Rfc8 18.Rfc1 b6 19.g4 Nd7 20.Rxc8+ Rxc8 21.Rc1 Rxc1+
22.Nxc1 Bc2 23.Ne2 Nc5 24.Nc3 a6 25.f3 Bf6 26.Bf1 Bd8 27.b4 Nd3 28.Bxd3 Bxd3
29.Kg2 b5 30.Be3 a5 31.a3 a4 32.Kg3 Kg7 33.h4  1/2-1/2

[Event "FIN-chT"]
[Site "FIN"]
[Date "1993.??.??"]
[Round "?"]
[White "Hakulinen, Esko Matti"]
[Black "Yrjola, Jouni"]
[Result "1/2-1/2"]
[WhiteElo "2355"]
[BlackElo "2460"]

1.Nf3 Nf6 2.c4 g6 3.g3 Bg7 4.Bg2 O-O 5.d4 d6 6.O-O Nc6 7.Nc3 Bf5 8.b3 Ne4
9.Bb2 Nxc3 10.Bxc3 Be4 11.Qd2 d5 12.Rfd1 a5 13.Bh3 Bxf3 14.exf3 e5 15.dxe5 d4
16.Bb2 Nxe5 17.Bg2 c5 18.f4 Nc6 19.Rab1 Qb6 20.Ba1 Rfe8 21.a3 Re7 22.h4 Rae8
23.Bf3 h5 24.Kf1 f5 25.Kg2 Bf6 26.Kf1 Kg7 27.Kg2  1/2-1/2

[Event "Florida Valle op"]
[Site "Florida Valle"]
[Date "1993.??.??"]
[Round "7"]
[White "Panno, Oscar"]
[Black "Ricardi, Pablo"]
[Result "1-0"]
[WhiteElo "2495"]
[BlackElo "2480"]

1.Nf3 Nf6 2.c4 g6 3.g3 Bg7 4.Bg2 O-O 5.O-O c5 6.d4 d6 7.dxc5 dxc5 8.Ne5 Nfd7
9.Nd3 Nc6 10.Nc3 Rb8 11.Bxc6 bxc6 12.Qc2 e5 13.Be3 Qe7 14.Na4 f5 15.Rad1 Rf7
16.b3 f4 17.Bxc5 Nxc5 18.Ndxc5 Bh3 19.Rfe1 Rbf8 20.Ne4 Bh6 21.Qd3 f3 22.Nac5 fxe2
23.Qxe2 Rf3 24.Rd3 Bg4 25.Rxf3 Bxf3 26.Qd3 Qf7 27.Qd7 Qf5 28.Nd6 Qxd7 29.Nxd7 Bd2
30.Rxe5 Rd8 31.Nf6+ Kg7 32.Nfe4 Bb4 33.Re7+ Kh6 34.Nf7+ Kg7 35.Nxd8+ Bxe7
36.Ne6+ Kg8 37.Nd2 Bd1 38.Kf1 Bb4 39.Ke1 Bg4 40.Nd4 Bd7 41.Ke2 Kf7 42.Ne4 Ke7
43.Nc2 Ba5 44.b4 Bc7 45.Nd4 a5 46.a3 axb4 47.axb4 h6 48.h4 Be5 49.Ke3 Be8
50.f4 Bc7 51.g4 Bd7 52.g5 hxg5 53.hxg5 Bd8 54.Nf6  1-0

[Event "Troll Masters"]
[Site "Gausdal"]
[Date "1993.??.??"]
[Round "4"]
[White "Hakulinen, Esko Matti"]
[Black "Djurhuus, Rune"]
[Result "1/2-1/2"]
[WhiteElo "2355"]
[BlackElo "2485"]

1.Nf3 Nf6 2.c4 g6 3.g3 Bg7 4.Bg2 O-O 5.d4 d6 6.O-O Nbd7 7.Nc3 e5 8.h3 a6
9.e4 exd4 10.Nxd4 Rb8 11.Nb3 Ne5 12.c5 dxc5 13.Nxc5 Qe7 14.Nb3 Rd8 15.Qc2 c5
16.Be3 c4 17.Nd4 Bd7 18.f4 Nd3 19.b3 Nb4 20.Qf2 cxb3 21.e5 Ne8 22.Nxb3 Nd3
23.Qe2 Be6 24.Rfd1 Bc4 25.Nd5 Bxd5 26.Rxd3 Bxg2 27.Kxg2 Rxd3 28.Qxd3 Rd8
29.Qe2 f6 30.exf6 Nxf6 31.Re1 Nd5 32.Bf2 Qxe2 33.Rxe2 Nc3 34.Re7 b5 35.Ra7 Nxa2
36.Rxa6 Nc3 37.Rb6 Ra8 38.Rb7 h5 39.Bd4 Bxd4 40.Nxd4 Rd8 41.Nf3 Rd5  1/2-1/2

[Event "Arnold Cup"]
[Site "Gausdal"]
[Date "1993.??.??"]
[Round "6"]
[White "Degerman, Lars"]
[Black "Grivas, Efstratios"]
[Result "1/2-1/2"]
[WhiteElo "2460"]
[BlackElo "2485"]

1.Nf3 Nf6 2.c4 g6 3.g3 Bg7 4.Bg2 O-O 5.Nc3 d6 6.d4 Nbd7 7.O-O e5 8.e4 h6
9.h3 Nh7 10.Be3 Ng5 11.Nxg5 hxg5 12.Rc1 exd4 13.Bxd4 Ne5 14.c5 g4 15.hxg4 Bxg4
16.f3 Be6 17.f4 Bg4 18.Qa4 Bd7  1/2-1/2

[Event "GER CupT"]
[Site "Germany"]
[Date "1993.??.??"]
[Round "?"]
[White "Weyrich, Morten"]
[Black "Lutz, Christopher"]
[Result "1/2-1/2"]
[WhiteElo "2365"]
[BlackElo "2550"]

1.Nf3 Nf6 2.c4 g6 3.g3 Bg7 4.Bg2 O-O 5.O-O d6 6.d4 c6 7.Nc3 Bf5 8.Bf4 Ne4
9.Nxe4 Bxe4 10.Qd2 Qb6 11.Rad1 Na6 12.Qe3 Bxf3 13.Bxf3 Rfe8 14.b3 e5 15.dxe5 dxe5
16.Bh6 Bxh6 17.Qxh6 Nc5 18.h4 Qa5 19.h5 e4 20.Bg4 Qc3 21.hxg6 hxg6 22.Kg2 e3
23.b4 Ne4 24.Rd3 Qg7 25.Qxg7+ Kxg7 26.Rxe3 Nd2 27.Rxe8 Rxe8 28.Rc1 f5 29.Bf3 g5
30.e3 g4 31.Be2 Rd8 32.Rc3 Kf6 33.b5 Ne4 34.Rc2 c5 35.f3 gxf3+ 36.Bxf3 Ke5
37.Bxe4 Kxe4 38.Rf2 b6 39.Rf4+ Ke5 40.Kf3 Rd2 41.a3 Ra2 42.Rh4 Rxa3 43.Rh5 Rc3
44.g4 Rxc4 45.Rxf5+ Ke6 46.Rf4 Rc1 47.Ra4 Rb1 48.Rxa7 Rxb5 49.Kf4 Rb1 50.g5 c4
51.Ke4 Rg1 52.Rb7  1/2-1/2

[Event "Hessenliga"]
[Site "Germany"]
[Date "1993.??.??"]
[Round "?"]
[White "Schnelzer, Reinhard"]
[Black "Roeschlau, Bernd"]
[Result "1-0"]
[WhiteElo "2285"]
[BlackElo "2285"]

1.Nf3 Nf6 2.c4 g6 3.g3 Bg7 4.Bg2 O-O 5.O-O d5 6.cxd5 Nxd5 7.d4 c6 8.h3 Nd7
9.e4 Nc7 10.Nc3 b5 11.Be3 b4 12.Ne2 Ba6 13.Rc1 Bb5 14.Qc2 a5 15.Rfd1 Na6
16.Nf4 Qb8 17.b3 e5 18.dxe5 Nxe5 19.Nd4 Nc7 20.Nd5 Nxd5 21.exd5 cxd5 22.Bxd5 Bd7
23.Kh2 Bc8 24.f4 Ra6 25.fxe5 Qxe5 26.Qe4 Qh5  1-0

[Event "Oberliga Nord N9293"]
[Site "Germany"]
[Date "1993.??.??"]
[Round "?"]
[White "Hochgraefe, Markus"]
[Black "Junge, Kai"]
[Result "1-0"]
[WhiteElo "2270"]
[BlackElo "2265"]

1.Nf3 Nf6 2.c4 g6 3.g3 Bg7 4.Bg2 O-O 5.d4 d6 6.O-O c5 7.Nc3 Nc6 8.d5 Na5
9.Nd2 a6 10.Qc2 Rb8 11.b3 b5 12.Bb2 bxc4 13.bxc4 Bh6 14.Ncb1 Qc7 15.Bc3 Bd7
16.Na3 Rb4 17.e3 Bg7 18.Rab1 Rfb8 19.Qd3 Ra4 20.Rxb8+ Qxb8 21.Rb1 Qc7 22.Bb2 Rb4
23.Bc3 Ra4 24.Bb2 Rb4 25.Bc3 Ra4 26.Ba1 h6 27.Bf3 e6 28.dxe6 Bxe6 29.Bd1 Rb4
30.Bc3 Bf5 31.e4 Nxe4 32.Bxb4 Nc3 33.Bxa5 Qxa5 34.Rb8+ Kh7 35.Qxd6 Qxa3 36.Qd8 h5
37.Nf3 Qc1 38.Ng5+ Kh6 39.Nxf7+ Kh7 40.Qg8+  1-0

[Event "NRW-Liga I 9293"]
[Site "Germany"]
[Date "1993.??.??"]
[Round "?"]
[White "Rosen, Bernd"]
[Black "Mrva, Martin"]
[Result "1-0"]
[WhiteElo "2295"]
[BlackElo "2365"]

1.c4 Nf6 2.Nf3 g6 3.g3 Bg7 4.Bg2 O-O 5.O-O d6 6.Nc3 Bd7 7.Rb1 Qc8 8.Nd5 Nxd5
9.cxd5 Bg4 10.d3 Qf5 11.Qb3 Nd7 12.Qxb7 Nb6 13.Qxc7 Bf6 14.Qc2 Qh5 15.b3 Rac8
16.Qd2 Nxd5 17.Bb2 Nc3 18.Bxc3 Bxc3 19.Qe3 Rc7 20.b4 e5 21.a4 d5 22.b5 d4
23.Qe4 Re8 24.b6 axb6 25.Rxb6 Ra7 26.Rb7 Rxa4 27.h3 Be6 28.g4 Qh6 29.Qxe5 Ra5
30.Qc7 Rc8 31.Rb8 Rxb8 32.Qxb8+ Kg7 33.Qd6 Rd5 34.Qb8 Ra5 35.Qc7 Rb5 36.e3 Rb3
37.exd4  1-0